[Event "Madrid Villaverde op 10th"]
[Site "Madrid"]
[Date "2009.03.30"]
[Round "5"]
[White "Adedeji, Adekola"]
[Black "Martin Rodriguez, Emilio"]
[Result "1-0"]
[WhiteElo "2001"]
[BlackElo "2133"]
[PlyCount "61"]
[EventDate "2009.03.23"]
[EventType "swiss"]
[EventRounds "8"]
[EventCountry "ESP"]
[SourceTitle "CBM 129 Extra"]
[Source "ChessBase"]
[SourceDate "2009.05.05"]
[SourceVersion "2"]
[SourceVersionDate "2009.05.20"]
[SourceQuality "1"]

1. e4 c6 2. d4 d5 3. Nd2 g6 4. Ngf3 Bg7 5. c3 Nf6 6. Bd3 dxe4 7. Nxe4 Nxe4 8. Bxe4 Nd7 9. 0-0 Nf6 10. Bc2 0-0 11. Re1 Bg4 12. h3 Bxf3 13. Qxf3 Re8 14. Bg5 Qb6 15. Bb3 a5 16. Rab1 a4 17. Bc4 Qa5 18. Re5 Qd8 19. a3 h6 20. Bh4 Ra5 21. Rbe1 g5 22. Bg3 e6 23. h4 Nd7 24. Rxa5 Qxa5 25. hxg5 Qxg5 26. Bf4 Qf6 27. Qg4 h5 28. Qg3 Qf5 29. Bd3 Qg4 30. Qh2 Nf6 31. f3 1-0

[Event "Madrid op"]
[Site "Madrid"]
[Date "2006.10.28"]
[Round "8"]
[White "Martinez Garcia, Felipe"]
[Black "Adedeji, Adekola"]
[Result "1-0"]
[WhiteElo "2028"]
[BlackElo "2109"]
[PlyCount "95"]
[EventDate "2006.10.06"]
[EventType "swiss"]
[EventRounds "9"]
[EventCountry "ESP"]
[SourceTitle "EXT 2007"]
[Source "ChessBase"]
[SourceDate "2006.11.23"]
[SourceVersion "1"]
[SourceVersionDate "2006.11.23"]
[SourceQuality "1"]

1. c3 c5 2. d4 cxd4 3. cxd4 e6 4. Bf4 d6 5. e4 Nf6 6. Bd3 Be7 7. Nc3 Nc6 8. Nge2 0-0 9. Rc1 Nh5 10. Be3 e5 11. d5 Nb4 12. Bb1 Bg5 13. Qd2 Bxe3 14. Qxe3 Bd7 15. a3 Na6 16. 0-0 Nc5 17. b4 Na6 18. f4 f6 19. f5 g6 20. Qh6 Be8 21. g4 Ng7 22. Rf3 g5 23. h4 gxh4 24. Rh3 Rf7 25. Rxh4 Nc7 26. Qxh7+ Kf8 27. Qg6 a5 28. Rh8+ Ke7 29. Rg8 axb4 30. axb4 Na6 31. Rxg7 Qb6+ 32. Kg2 Qe3 33. g5 Qxg5+ 34. Qxg5 fxg5 35. Rxg5 Nxb4 36. Rg3 Na6 37. Bd3 Nc5 38. Rb1 Ra3 39. Bb5 Bd7 40. Bxd7 Kxd7 41. Rg6 Ra6 42. Kf3 Ra3 43. Rb6 Rh7 44. Rgxd6+ Kc7 45. Rh6 Rd7 46. Kg4 Kb8 47. f6 Ka7 48. Nb5+ 1-0

[Event "Collado Villalba op 23rd"]
[Site "Collado Villalba"]
[Date "2006.08.20"]
[Round "2"]
[White "Valles Moreno, Ivan"]
[Black "Adedeji, Adekola"]
[Result "1-0"]
[WhiteElo "2356"]
[BlackElo "2108"]
[PlyCount "47"]
[EventDate "2006.08.19"]
[EventType "swiss"]
[EventRounds "9"]
[EventCountry "ESP"]
[SourceTitle "CBM 113 Extra"]
[Source "ChessBase"]
[SourceDate "2006.09.14"]
[SourceVersion "1"]
[SourceVersionDate "2006.09.14"]
[SourceQuality "1"]

1. d4 d5 2. c4 e6 3. Nc3 Nf6 4. Nf3 Be7 5. Bf4 0-0 6. e3 c6 7. a3 dxc4 8. Bxc4 Nd5 9. 0-0 Nxf4 10. exf4 Nd7 11. Qc2 Nf6 12. Rad1 Bd6 13. Ne5 Nd5 14. g3 Bd7 15. Ne4 Be8 16. Ng5 g6 17. Rfe1 Bd7 18. h4 Nf6 19. Kg2 Bxe5 20. dxe5 Nd5 21. h5 Kg7 22. Rh1 h6 23. hxg6 fxg6 24. Rxh6 1-0

[Event "Madrid op"]
[Site "Madrid"]
[Date "2005.08.03"]
[Round "2"]
[White "Alonso Abad, Enrique"]
[Black "Adedeji, Adekola"]
[Result "1/2-1/2"]
[WhiteElo "1987"]
[BlackElo "2002"]
[PlyCount "103"]
[EventDate "2005.08.01"]
[EventType "swiss"]
[EventRounds "9"]
[EventCountry "ESP"]
[SourceTitle "EXT 2006"]
[Source "ChessBase"]
[SourceDate "2005.11.24"]
[SourceVersion "1"]
[SourceVersionDate "2005.11.24"]
[SourceQuality "1"]

1. Nf3 Nf6 2. d4 d6 3. g3 g6 4. Bg2 Bg7 5. 0-0 0-0 6. c4 c6 7. Nc3 Qc7 8. e4 e5 9. h3 Nbd7 10. Be3 Re8 11. d5 Nc5 12. Bxc5 dxc5 13. Nd2 Rd8 14. Qe2 cxd5 15. exd5 Ne8 16. Nde4 Bf5 17. d6 Qa5 18. Rfd1 Bxe4 19. Nxe4 Qb6 20. d7 Nc7 21. Rd6 Qa5 22. Nd2 Ne6 23. Bxb7 Rab8 24. Nb3 Qc7 25. Rxe6 fxe6 26. Bc8 a5 27. Qg4 Kf7 28. Qf3+ Ke7 29. Qg4 Bf6 30. Nd2 Rxb2 31. Ne4 Rxd7 32. Bxd7 Qxd7 33. Rd1 Qc6 34. Nxf6 Kxf6 35. Qh4+ Kg7 36. Qe7+ Kh6 37. Qf8+ Kg5 38. Qe7+ Kh6 39. Qf8+ Kg5 40. Qg7 Rb7 41. Qxe5+ Kh6 42. Re1 Rd7 43. Re4 Rd1+ 44. Kh2 Rd4 45. Qf4+ Kg7 46. Rxd4 cxd4 47. Qxd4+ Kf7 48. Qh8 Qxc4 49. Qxh7+ Kf6 50. Qh8+ Kf7 51. Qh7+ Kf6 52. Qh8+ 1/2-1/2

[Event "Olympiad-36"]
[Site "Mallorca"]
[Date "2004.10.20"]
[Round "6"]
[White "Adedeji, Adekola"]
[Black "Saeheng, Boonsueb"]
[Result "1/2-1/2"]
[WhiteElo "2093"]
[BlackElo "2242"]
[PlyCount "94"]
[EventDate "2004.10.15"]
[EventType "team-swiss"]
[EventRounds "14"]
[EventCountry "ESP"]
[SourceTitle "CBM 104"]
[Source "ChessBase"]
[SourceDate "2005.01.27"]
[SourceVersion "1"]
[SourceVersionDate "2005.01.27"]
[SourceQuality "1"]
[WhiteTeam "Nigeria"]
[BlackTeam "Thailand"]
[WhiteTeamCountry "NGR"]
[BlackTeamCountry "THA"]

1. e4 c5 2. Nf3 e6 3. d4 cxd4 4. Nxd4 a6 5. Be3 Qc7 6. Be2 Nf6 7. Nd2 d5 8. Bf3 Nc6 9. Nxc6 bxc6 10. c4 dxe4 11. Nxe4 Nxe4 12. Bxe4 Bb4+ 13. Bd2 Bxd2+ 14. Qxd2 0-0 15. 0-0 f5 16. Bf3 e5 17. g3 Be6 18. Qc3 Rad8 19. Rad1 e4 20. Bg2 Rxd1 21. Rxd1 Rd8 22. Rxd8+ Qxd8 23. f3 exf3 24. Bxf3 c5 25. Kf2 Kf7 26. Bd5 Qf6 27. Qd2 Qe5 28. a3 Bxd5 29. cxd5 Ke7 30. b4 Qd4+ 31. Qxd4 cxd4 32. Ke2 Kd6 33. Kd3 Kxd5 34. h4 g6 35. a4 h6 36. b5 axb5 37. axb5 g5 38. h5 Kc5 39. b6 Kxb6 40. Kxd4 Kc6 41. Ke5 f4 42. gxf4 gxf4 43. Kxf4 Kd6 44. Kf5 Ke7 45. Kg6 Kf8 46. Kh7 Kf7 47. Kxh6 Kg8 1/2-1/2